Central Library OPAC University of Rajshahi

The intellectual milieu of John Dryden : (Record no. 19689)

MARC details
000 -LEADER
fixed length control field 00963nam a2200265u 4500
001 - CONTROL NUMBER
control field 19689
003 - CONTROL NUMBER IDENTIFIER
rucl marc code BD-RjUL
005 - DATE AND TIME OF LATEST TRANSACTION
control field 20211209000450.0
008 - FIXED-LENGTH DATA ELEMENTS--GENERAL INFORMATION
fixed length control field 140225s19621934miu 001 pbeng
035 ## - SYSTEM CONTROL NUMBER
System control number (BD-RjUL)19749
040 ## - CATALOGING SOURCE
Original cataloging agency DLC
Transcribing agency CarP
Modifying agency DLC
Language of cataloging eng
041 ## - LANGUAGE CODE
Language code of text/sound track or separate title eng
082 ## - DEWEY DECIMAL CLASSIFICATION NUMBER
Classification number 821.4
Author mark and year BRI 1962
100 1# - MAIN ENTRY--PERSONAL NAME
Personal name Bredvold, Louis I.
Fuller form of name (Louis Ignatius),
Dates associated with a name 1888-
9 (RLIN) 60492
245 14 - TITLE STATEMENT
Title The intellectual milieu of John Dryden :
Remainder of title studies in some aspects of seventeenth-century thought /
Statement of responsibility, etc. Louis I. Bredvold.
260 ## - PUBLICATION, DISTRIBUTION, ETC. (IMPRINT)
Place of publication, distribution, etc. Ann Arbor :
Name of publisher, distributor, etc. University of Michigan press,
Date of publication, distribution, etc. c1934 [Reprinted 1962].
300 ## - PHYSICAL DESCRIPTION
Pagination viii, 186 p. ;
Size 24 cm.
490 0# - SERIES STATEMENT
Series statement University of Michigan publications. Language and literature.
Volume/sequential designation vol. XII
504 ## - BIBLIOGRAPHY, ETC. NOTE
Bibliography, etc Includes index.
600 10 - SUBJECT ADDED ENTRY--PERSONAL NAME
Personal name Dryden, John,
Dates associated with a name 1631-1700
General subdivision Knowledge and learning.
651 #0 - SUBJECT ADDED ENTRY--GEOGRAPHIC NAME
Geographic name Great Britain
General subdivision Intellectual life
Chronological subdivision 17th century.
9 (RLIN) 55006
942 ## - ADDED ENTRY ELEMENTS (KOHA)
Source of classification or shelving scheme Dewey Decimal Classification
Koha item type Books
Holdings
Lost status Source of classification or shelving scheme Damaged status Not for loan Collection code Permanent Location Current Location Shelving location Date acquired Source of acquisition Cost, normal purchase price Total Checkouts Full call number Date last seen Copy number Koha item type
  Dewey Decimal Classification   Not For Loan Fiction Central Library, University of Rajshahi Central Library, University of Rajshahi Reading Room 14/10/1965 Blackwell 9.60   821.4 BRI 1962 25/02/2014 C-1 Books